| 000 | 00657cam a22001934a 4500 | ||
|---|---|---|---|
| 020 | _a9781449688080 (alk. paper) | ||
| 040 | _cDLC | ||
| 082 | 0 | 0 | _a616 JON 2014 C158 Or. |
| 245 | 0 | 0 | _a100 questions & answers about mesothelioma / |
| 246 | 3 | _aOne hundred questions and answers about mesothelioma | |
| 250 | _a3rd ed. | ||
| 260 |
_aBurlington, MA : _bJones & Bartlett Learning, _cc2014. |
||
| 300 |
_ax, 193 p. ; _c23 cm. |
||
| 500 | _aRev. ed. of: 100 questions & answers about mesothelioma / Harvey I. Pass, Amy Metula, Susan Vento. 2nd ed. c2010. | ||
| 650 | 0 | _aMesothelioma | |
| 650 | 0 | _aMesothelioma | |
| 700 | 1 | _aPass, Harvey I. | |
| 942 | _cAEDBB | ||
| 999 |
_c19007 _d19007 |
||